| 000 | 00621nam a22002057a 4500 | ||
|---|---|---|---|
| 003 | OSt | ||
| 008 | 260430b |||||||| |||| 00| 0 eng d | ||
| 082 |
_a634.6 _bS16C |
||
| 100 | _aSarita Kumari | ||
| 245 |
_aComparative Studies on Yield and Physico-Chemical Characteristics if Some Promising Litchi (Litchi chinensis Sonn.) Cultivars / _cby Sarita Kumari |
||
| 260 |
_a.- Sabour, Bhagalpur _b: Bihar Agricultural College, RAU _c, 2007 |
||
| 300 | _a58p. | ||
| 502 |
_bM. Sc. _d2007 |
||
| 650 | _aHorticulture | ||
| 650 | _aPomology | ||
| 650 | _aLitchi | ||
| 650 | _aThesis | ||
| 650 | _aM. Sc. | ||
| 942 |
_2ddc _cT |
||
| 999 |
_c50347 _d50347 |
||